The story of philosophy : (Record no. 174607)
[ view plain ]
| 000 -LEADER | |
|---|---|
| fixed length control field | 01091cam a22002531i 4500 |
| 001 - CONTROL NUMBER | |
| control field | 6396232 |
| 003 - CONTROL NUMBER IDENTIFIER | |
| control field | Nust |
| 005 - DATE AND TIME OF LATEST TRANSACTION | |
| control field | 20170202171241.0 |
| 008 - FIXED-LENGTH DATA ELEMENTS--GENERAL INFORMATION | |
| fixed length control field | 760525s1927 nyua b 001 0 eng |
| 010 ## - LIBRARY OF CONGRESS CONTROL NUMBER | |
| LC control number | 27008135 |
| 020 ## - INTERNATIONAL STANDARD BOOK NUMBER | |
| International Standard Book Number | 9780671739164 |
| 035 ## - SYSTEM CONTROL NUMBER | |
| System control number | (OCoLC)2193724 |
| 040 ## - CATALOGING SOURCE | |
| Original cataloging agency | DLC |
| Transcribing agency | TxLT |
| Modifying agency | OCoLC |
| -- | ArStC |
| -- | OUrC |
| -- | KyWAT |
| -- | DLC |
| 042 ## - AUTHENTICATION CODE | |
| Authentication code | premarc |
| 050 00 - LIBRARY OF CONGRESS CALL NUMBER | |
| Classification number | B72 |
| Item number | .D8 1927c |
| 082 ## - DEWEY DECIMAL CLASSIFICATION NUMBER | |
| Classification number | 109 |
| Author Mark | DUR |
| 100 1# - MAIN ENTRY--PERSONAL NAME | |
| Personal name | Durant, Will, |
| Dates associated with a name | 1885-1981. |
| 245 14 - TITLE STATEMENT | |
| Title | The story of philosophy : |
| Remainder of title | the lives and opinions of the greater philosophers / |
| Statement of responsibility, etc. | by Will Durant. |
| 260 ## - PUBLICATION, DISTRIBUTION, ETC. | |
| Place of publication, distribution, etc. | New York ; |
| Name of publisher, distributor, etc. | Simon and Schuster, |
| Date of publication, distribution, etc. | 1927. |
| 300 ## - PHYSICAL DESCRIPTION | |
| Extent | xiii, 704 p. : |
| Other physical details | ill. ; |
| Dimensions | 25 cm. |
| 505 0# - FORMATTED CONTENTS NOTE | |
| Formatted contents note | Plato.--Aristotle and Greek science.--Francis Bacon.--Spinoza.--Voltaire and the French enlightenment.--Immanuel Kant and German idealism.--Schopenhauer.--Herbert Spencer.--Friedrich Nietzsche.--Contemporary European philosophers.--Contemporary American philosophers. |
| 650 #0 - SUBJECT ADDED ENTRY--TOPICAL TERM | |
| Topical term or geographic name entry element | Philosophy. |
| Form subdivision | Fiction |
| 650 #0 - SUBJECT ADDED ENTRY--TOPICAL TERM | |
| Topical term or geographic name entry element | Philosophers. |
| 906 ## - LOCAL DATA ELEMENT F, LDF (RLIN) | |
| a | 7 |
| b | cbc |
| c | oclcrpl |
| d | u |
| e | ncip |
| f | 19 |
| g | y-gencatlg |
| 942 ## - ADDED ENTRY ELEMENTS (KOHA) | |
| Source of classification or shelving scheme | |
| Koha item type | Book |
| Withdrawn status | Lost status | Source of classification or shelving scheme | Damaged status | Not for loan | Permanent Location | Current Location | Shelving location | Date acquired | Total Checkouts | Total Renewals | Full call number | Barcode | Date last seen | Date last checked out | Copy number | Price effective from | Koha item type |
|---|---|---|---|---|---|---|---|---|---|---|---|---|---|---|---|---|---|
| Central Library (CL) | Central Library (CL) | Fiction | 02/02/2017 | 9 | 10 | 109 DUR | CL3482 | 02/19/2026 | 07/12/2025 | 1 | 02/02/2017 | Book |
